000 00691nam a22002057a 4500
005 20240530110532.0
008 160321s2012 ua g 000 f ara d
017 _a2012/3960
_bمصر . دار الكتب المصرية
020 _a9789770931226
040 _aEG-CaGPL
082 0 4 _221
_a813.03\
_bع أ
100 0 _aعزالدين شكرى فشير .
245 1 0 _aاسفار الفراعين :
_bرواية /
_cعزالدين شكرى فشير .
250 _aط1.
260 _aالقاهرة :
_bدار الشروق ،
_c2012 .
300 _a145 ص ؛
_c20 سم .
650 0 4 _aالقصص العربية .
942 _2ddc
_cBK
999 _c62113
_d62113